Решение типовых задач по курсу радиоприемных устройств с применением ЭВМ: учебное пособие

ग्रंथसूची विवरण
मुख्य लेखक: Долженков В. А. Владимир Андреевич
निगमित लेखक: Московский государственный институт радиотехники, электроники и автоматики (Технический университет) (МИРЭА)
सारांश:Исключено из фонда НТБ ТПУ
भाषा:रूसी
प्रकाशित: Москва, 1989
स्वरूप: MixedMaterials पुस्तक
KOHA link:https://koha.lib.tpu.ru/cgi-bin/koha/opac-detail.pl?biblionumber=211231

MARC

LEADER 00000nam0a2200000 4500
001 211231
005 20231031192425.0
035 |a (RuTPU)RU\TPU\book\230722 
090 |a 211231 
100 |a 20120311d1989 m y0rusy50 ca 
101 0 |a rus 
102 |a RU 
105 |a a j 001zy 
200 1 |a Решение типовых задач по курсу радиоприемных устройств с применением ЭВМ  |e учебное пособие  |f В. А. Долженков  |g Московский государственный институт радиотехники, электроники и автоматики (Технический университет) (МИРЭА) 
210 |a Москва  |d 1989 
215 |a 64 с.  |c ил. 
333 |a Исключено из фонда НТБ ТПУ 
700 1 |a Долженков  |b В. А.  |g Владимир Андреевич 
712 0 2 |a Московский государственный институт радиотехники, электроники и автоматики (Технический университет) (МИРЭА) 
801 1 |a RU  |b 63413507  |c 20120311 
801 2 |a RU  |b 63413507  |c 20220408  |g RCR 
942 |c BK